000 00849nam a22002417a 4500
005 20240530110616.0
008 161128s2014 ua h a 000 j ara d
017 _a2013/157633
_bمصر. دار الكتب
020 _a9789774278440
040 _aEG-CaGPL
_cEG-CaGPL
082 0 4 _221
_a813.02
_bط/م ج
100 0 _aمكاوى سعيد
245 1 0 _aجنى يبحث عن وظيفة /
_cقصة مكاوى سعيد ؛ رسوم عمرو الكفراوى
250 _aط. 1
260 _aالقاهرة :
_bالدار المصرية اللبنانية ،
_c2014 .
300 _a57 ص. :
_bصور ؛
_c30 سم.
650 0 7 _2qrmak
_aالادب العربى
650 0 7 _2qrmak
_aقصص الاطفال
651 _2qrmak
700 0 _aعمرو الكفراوى
_eرسام
942 _2ddc
_cBK
999 _c62959
_d62959